Statistics for Backstreet Boys Charting Songs (Billboard Hot 100)

Click here to take the quiz!

General Stats

  • This quiz has been taken 51 times
  • The average score is 8 of 18

Answer Stats

AlbumWeeks OnPeakArtist(s)Song% Correct
Millennium31 Weeks#6Backstreet BoysI Want It That Way
91%
Millennium19 Weeks#25Backstreet BoysLarger Than Life
67%
Backstreet Boys43 Weeks#2Backstreet BoysQuit Playing Games (With My Heart)
65%
Black & Blue6 Weeks#52Backstreet BoysThe Call
60%
Never Gone20 Weeks#13Backstreet BoysIncomplete
53%
The Hits - Chapter One20 Weeks#28Backstreet BoysDrowning
51%
Millennium24 Weeks#6Backstreet BoysShow Me the Meaning of Being Lonely
51%
Backstreet's Back22 Weeks#4Backstreet BoysEverybody (Backstreet's Back)
49%
Millennium15 Weeks#30Backstreet BoysThe One
49%
Black & Blue20 Weeks#9Backstreet BoysShape of My Heart
47%
Backstreet's Back21 Weeks#5Backstreet BoysAll I Have to Give
47%
DNA10 Weeks#63Backstreet BoysDon't Go Breaking My Heart
37%
Backstreet Boys2 Weeks#35Backstreet BoysI'll Never Break Your Heart
35%
Black & Blue20 Weeks#27Backstreet BoysMore Than That
33%
Unbreakable2 Weeks#86Backstreet BoysInconsolable
30%
Backstreet Boys20 Weeks#69Backstreet BoysWe've Got It Goin' On
28%
Dig Your Roots19 Weeks#46Florida Georgia Line ft. Backstreet BoysGod, Your Mama, and Me
14%
Never Gone4 Weeks#70Backstreet BoysJust Want You to Know
14%

Score Distribution

Percentile by Number Answered

Percent of People with Each Score

Your Score History

You have not taken this quiz